Human evolution : (Record no. 1596)
[ view plain ]
| 000 -LEADER | |
|---|---|
| fixed length control field | 01297cam a2200265 4500 |
| 001 - CONTROL NUMBER | |
| control field | 2046 |
| 005 - DATE AND TIME OF LATEST TRANSACTION | |
| control field | 20181127164447.0 |
| 008 - FIXED-LENGTH DATA ELEMENTS--GENERAL INFORMATION | |
| fixed length control field | 070626s2007 enkab b 001 0 eng |
| 010 ## - LIBRARY OF CONGRESS CONTROL NUMBER | |
| LC control number | 2007026042 |
| 020 ## - INTERNATIONAL STANDARD BOOK NUMBER | |
| International Standard Book Number | 0198567790 (hbk.) |
| International Standard Book Number | 0198567804 (pbk.) |
| International Standard Book Number | 9780198567790 (hbk.) |
| International Standard Book Number | 9780198567806 (pbk.) |
| 100 1# - MAIN ENTRY--PERSONAL NAME | |
| Personal name | Cela Conde, Camilo Jose. |
| 245 10 - TITLE STATEMENT | |
| Title | Human evolution : |
| Remainder of title | trails from the past / |
| Statement of responsibility, etc. | Camilo J. Cela-Conde and Francisco J. Ayala. |
| 260 ## - PUBLICATION, DISTRIBUTION, ETC. | |
| Place of publication, distribution, etc. | Oxford ; |
| -- | New York : |
| Name of publisher, distributor, etc. | Oxford University Press, |
| Date of publication, distribution, etc. | 2007. |
| 300 ## - PHYSICAL DESCRIPTION | |
| Extent | vii, 437 p. : |
| Other physical details | ill., maps ; |
| Dimensions | 26 cm. |
| 490 0# - SERIES STATEMENT | |
| Series statement | Oxford biology |
| 504 ## - BIBLIOGRAPHY, ETC. NOTE | |
| Bibliography, etc. note | Includes bibliographical references (p. 377-417) and index. |
| 505 0# - FORMATTED CONTENTS NOTE | |
| Formatted contents note | Preface : Homo sapiens, the rational animal -- Evolution, genetics, and systematics -- The evolution of hominoids -- The hominin lineage -- Miocene and Pliocene genera and species -- Pliocene hominins : South Africa and the Rift Valley -- The Pliocene cladogenesis : paranthropus versus homo -- The radiation of homo -- Evolutionary characteristics of the erectus grade -- The late-Pleistocene transition -- The uniqueness of being human. |
| 650 #0 - SUBJECT ADDED ENTRY--TOPICAL TERM | |
| Topical term or geographic name entry element | Fossil hominids. |
| Topical term or geographic name entry element | Human evolution. |
| Topical term or geographic name entry element | Paleoanthropology. |
| 700 1# - ADDED ENTRY--PERSONAL NAME | |
| Personal name | Ayala, Francisco Jose, |
| Dates associated with a name | 1934- |
| Withdrawn status | Lost status | Source of classification or shelving scheme | Damaged status | Not for loan | Collection code | Home library | Current library | Shelving location | Date acquired | Serial Enumeration / chronology | Inventory number | Total Checkouts | Full call number | Barcode | Date last seen | Price effective from | Koha item type |
|---|---|---|---|---|---|---|---|---|---|---|---|---|---|---|---|---|---|
| Dewey Decimal Classification | Main TEST | RTC Library | RTC Library | Main opac | 17/08/2023 | 2289 | 599.93 CON | 30003403 | 17/08/2023 | 27/11/2018 | Main |